000 01689nam a22001817a 4500
003 OSt
008 230506b |||||||| |||| 00| 0 eng d
041 _aMAL
082 _a894.812 3
_bRAM/MA
100 _aടി ഡി രാമകൃഷ്ണൻ
_aRamakrishnan, T.D
_95415
245 _aമാമ ആഫ്രിക്ക
_bMama africa
250 _a9
260 _aKottayam
_bDCBOOKS
_c2022
300 _a440
_eMap
500 _aNoval
520 _aമലയാളത്തില്‍ എഴുതി ഇംഗ്ലിഷിലും സ്വഹിലിയിലും ഭാഷാന്തരം ചെയ്ത് പ്രസിദ്ധീകരിക്കുന്ന യുഗാണ്ടന്‍ എഴുത്തുകാരി താരാ വിശ്വനാഥിന്റെ രചനകളുടെ രൂപത്തിലാണ് ടി.ഡി. രാമകൃഷ്ണന്‍ ഈ നോവല്‍ ആഖ്യാനം ചെയ്യുന്നത്. ബ്രിട്ടീഷുകാര്‍ റെയില്‍വേ നിര്‍മ്മാണത്തിനായി ആഫ്രിക്കയിലേക്കു കൊണ്ടുപോയ മലയാളികളില്‍ ഒരാളുടെ പിന്‍മുറക്കാരിയാണ് താര. അധികാരശക്തികള്‍ക്കു മുമ്പില്‍ പൊരുതുകയും ഇരയാക്കപ്പെടുകയും ചെയ്യുന്നവരുടെ കഥയാണ് താരാ വിശ്വനാഥിലൂടെ ആവിഷ്‌കരിക്കപ്പെടുന്നത്.
942 _cBK
999 _c17654
_d17654